Víctimas miradas para la construcción de paz (Registro nro. 38415)

Detalles MARC
000 -ENCABEZADO
Número de control [NR] 01226nam a2200277Ia 4500
008 - DE LONGITUD FIJA DE DATOS DE ELEMENTOS - INFORMACIÓN GENERAL
Elementos de longitud fija [NR] 130821s2012 ck ao gr spa
020 ## - NUMERO INTERNACIONAL NORMALIZADO PARA LIBROS [R]
Número Internacional Normalizado del libro [NR] 9789587250930
040 ## - FUENTE DE CATALOGACION [NR]
Agencia de catalogación original [NR] Co-BoUCM
Idioma de catalogación [NR] spa
041 00 - CODIGO DE IDIOMA [R]
Código de idioma para texto/pista de sonido o título separado [R] Español
245 00 - MENCION DE TITULO [NR]
Título [NR] Víctimas miradas para la construcción de paz
Mención de responsabilidad, etc. [NR] Universidad De Bogotá Jorge Tadeo Lozano ; director editorial Jaime Melo Castiblanco, coordinador editorial Henry Colmenares Melgarejo.
260 ## - PUBLICACION, DISTRIBUCION, ETC. (PIE DE IMPRENTA) [R]
Lugar de publicación, distribución, etc. [R] Bogotá (Colombia)
Nombre del editor, distribuidor, etc. [R] Universidad de Bogotá Jorge Tadeo Lozano
Fecha de publicación, distribución, etc. [R] 2012
300 ## - DESCRIPCION FISICA [R]
Extensión [R] 312 páginas
Otros detalles físicos [NR] ilustraciones, gráficas, fotografías
490 0# - MENCION DE SERIE [R]
Mención de serie [R] Serie documentos para la paz
Designación numérica/secuencial del volumen [NR] 2
504 ## - NOTA DE BIBLIOGRAFIA, ETC. [R]
Nota de bibliografía, etc. [NR]
650 04 - ASIENTO SECUNDARIO DE MATERIA - TERMINO TEMATICO [R]
Término temático o nombre geográfico como elemento de entrada [NR] Derechos civiles
Subdivisión geográfica [R] Colombia
9 (RLIN) 37464
650 04 - ASIENTO SECUNDARIO DE MATERIA - TERMINO TEMATICO [R]
Término temático o nombre geográfico como elemento de entrada [NR] Derechos humanos
9 (RLIN) 7499
650 04 - ASIENTO SECUNDARIO DE MATERIA - TERMINO TEMATICO [R]
Término temático o nombre geográfico como elemento de entrada [NR] Derechos humanos
Subdivisión geográfica [R] Colombia
9 (RLIN) 30252
650 04 - ASIENTO SECUNDARIO DE MATERIA - TERMINO TEMATICO [R]
Término temático o nombre geográfico como elemento de entrada [NR] Proceso de paz
Subdivisión geográfica [R] Colombia
9 (RLIN) 22380
650 04 - ASIENTO SECUNDARIO DE MATERIA - TERMINO TEMATICO [R]
Término temático o nombre geográfico como elemento de entrada [NR] Víctimas de guerra
Subdivisión geográfica [R] Colombia
9 (RLIN) 90660
650 04 - ASIENTO SECUNDARIO DE MATERIA - TERMINO TEMATICO [R]
Término temático o nombre geográfico como elemento de entrada [NR] Violencia política
Subdivisión geográfica [R] Colombia
9 (RLIN) 27838
700 1# - ASIENTO SECUNDARIO - NOMBRE PERSONAL [R]
Nombre personal [NR] Colmenares Melgarejo, Henry
Término de relación [R]
9 (RLIN) 159706
700 1# - ASIENTO SECUNDARIO - NOMBRE PERSONAL [R]
Nombre personal [NR] Melo Castiblanco, Jaime
Término de relación [R]
9 (RLIN) 159707
710 2# - ASIENTO SECUNDARIO - NOMBRE CORPORATIVO [R]
Nombre corporativo o de jurisdicción como elemento de entrada [NR] Universidad De Bogotá Jorge Tadeo Lozano
9 (RLIN) 58609
942 ## - ELEMENTOS DE ENTRADA AGREGADOS (KOHA)
Tipo de ítem principal el descrito en 300a Libro
Tema principal Sociología
Edición 1
Parte restante de la signatura top. V393vi
Sistema de clasificación DEWEY
Clasificación 303.66
Existencias
Fecha de último préstamo Total préstamos Total Renewals Signatura topográfica Código de barras Última vez visto Ejemplar Price effective from Tipo de ítem Perdido Sistema de clasificación Dañado No prestable Tipo de ítem específico Suprimido Ubicación habitual Ubicación actual Localización Fecha de creación Forma de adquisición Costo
02/09/2024 22 26 303.66 V393vi 100126314 09/12/2025 Ej.1 03/02/2013 Libro   DEWEY     Libro   Claustro Claustro 2do piso 28/02/2013 Donación 26000.00